Biblioteca selecta de predicadores colección escogida de conferencias, platicas. sermones y otros discursos sagrados, sacados de los mas sobresalientes oradores, en especial modernos, de España, Francia, Italia etc

Na minha lista:
Detalhes bibliográficos
Autor principal: Torrecilla, Pedro María de (Author)
Formato: Livro
Idioma:espanhol
Publicado em: París Rosa y Bouret 1862
Edição:1a. ed
Assuntos:
Tags: Adicionar Tag
Sem tags, seja o primeiro a adicionar uma tag!

MARC

LEADER 00000cam a2200000 a 4500
001 UCD3337
003 CL-VaPUC
008 160603e18620000fr |||||||||||||||||spa|d
082 0 4 |a 291.61  |b TOR  |2 21 
100 0 |a Torrecilla, Pedro María de  |e author  |9 586763 
245 1 0 |a Biblioteca selecta de predicadores colección escogida de conferencias, platicas. sermones y otros discursos sagrados, sacados de los mas sobresalientes oradores, en especial modernos, de España, Francia, Italia etc 
250 |a 1a. ed 
300 |a t 
942 |c BK 
945 |d 20160603 11:43:00  |a dcastane 
260 |a París  |b Rosa y Bouret  |c 1862 
650 7 |a PREDICADORES  |2 CL-VaPUC  |9 464116 
650 7 |a EVANGELIZACION  |2 CL-VaPUC  |9 586764 
650 7 |a SERMONES  |2 CL-VaPUC  |9 317687 
583 |a last modification  |c 20160603 11:43:00  |k Rodrigo Vera 
999 |c 364373  |d 364371 
952 |0 0  |1 0  |3 erd  |4 0  |6 291_610000000000000_TOR_1862  |7 0  |8 X  |9 477474  |a BIBTEO  |b BIBTEO  |c TEO_FFR  |h t.1  |i 5234301  |o 291.61 TOR 1862  |p 5234301  |r 2024-01-18  |w 2019-11-24  |y BK_X  |z Catalogado en:20160603  |k OFM 
952 |0 0  |1 0  |3 erd  |4 0  |6 291_610000000000000_TOR_1862  |7 0  |8 X  |9 477475  |a BIBTEO  |b BIBTEO  |c TEO_FFR  |h t.2  |i 523431K  |o 291.61 TOR 1862  |p 523431K  |r 2024-01-18  |w 2019-11-24  |y BK_X  |z Catalogado en:20160603  |k OFM 
952 |0 0  |1 0  |3 erd  |4 0  |6 291_610000000000000_TOR_1862  |7 0  |8 X  |9 477476  |a BIBTEO  |b BIBTEO  |c TEO_FFR  |h t.4  |i 5234328  |o 291.61 TOR 1862  |p 5234328  |r 2024-01-18  |w 2019-11-24  |y BK_X  |z Catalogado en:20160603  |k OFM 
952 |0 0  |1 0  |3 erd  |4 0  |6 291_610000000000000_TOR_1862  |7 0  |8 X  |9 477477  |a BIBTEO  |b BIBTEO  |c TEO_FFR  |h t.5  |i 5234336  |o 291.61 TOR 1862  |p 5234336  |r 2024-01-18  |w 2019-11-24  |y BK_X  |z Catalogado en:20160603  |k OFM 
952 |0 0  |1 0  |3 erd  |4 0  |6 291_610000000000000_TOR_1862  |7 0  |8 X  |9 477478  |a BIBTEO  |b BIBTEO  |c TEO_FFR  |h t.6  |i 5234344  |o 291.61 TOR 1862  |p 5234344  |r 2024-01-18  |w 2019-11-24  |y BK_X  |z Catalogado en:20160603  |k OFM 
952 |0 0  |1 0  |3 erd  |4 0  |6 291_610000000000000_TOR_1862  |7 0  |8 X  |9 477479  |a BIBTEO  |b BIBTEO  |c TEO_FFR  |h t.7  |i 5234352  |o 291.61 TOR 1862  |p 5234352  |r 2024-01-18  |w 2019-11-24  |y BK_X  |z Catalogado en:20160603  |k OFM 
952 |0 0  |1 0  |3 erd  |4 0  |6 291_610000000000000_TOR_1862  |7 0  |8 X  |9 477480  |a BIBTEO  |b BIBTEO  |c TEO_FFR  |h t.8  |i 5234360  |o 291.61 TOR 1862  |p 5234360  |r 2024-01-18  |w 2019-11-24  |y BK_X  |z Catalogado en:20160603  |k OFM